| 000 | 00484nam a2200157Ia 4500 | ||
|---|---|---|---|
| 008 | 210423s2005 xx 000 0 und d | ||
| 020 | _a761934286 | ||
| 041 | _aeng | ||
| 082 | _a302.23 BELB | ||
| 100 | _aBEL (Bernard);others,Ed. | ||
| 245 | _aCommunication processes V1: media and mediation. | ||
| 260 |
_aNew Delhi _bSage Publications _c2005 |
||
| 300 |
_a474 _bHB |
||
| 365 |
_b850 _cINR |
||
| 906 | _a1: ; communication ; Media ; mediation. ; mediation: ; processes ; processes. | ||
| 999 |
_c158920 _d158920 |
||